U.S. States by Current Governor - Statistics

General Stats
  • This quiz has been taken 119 times
  • The average score is 30 of 50
Answer Stats
Govenor Party State % Correct
Gavin Newsom Democrat California
98%
Ron Desantis Republican Florida
98%
Tim Walz Democrat Minnesota
98%
Greg Abbot Republican Texas
94%
Gretchen Whitmer Democrat Michigan
88%
Josh Shapiro Democrat Pennsylvania
86%
Sarah Huckebee Sanders Republican Arkansas
84%
Kristi Noem Republican South Dakota
82%
Glenn Youngkin Republican Virginia
78%
Brian Kemp Republican Georgia
76%
Kathy Holcul Democrat New York
75%
J. B. Pritzker Democrat Illinois
73%
Andy Beshear Democrat Kentucky
71%
Kelly Ayotte Republican New Hampshire
71%
Josh Stein Democrat North Carolina
71%
Kay Ivey Republican Alabama
69%
Katie Hobbs Democrat Arizona
65%
Wes Moore Democrat Maryland
65%
Mike DeWine Republican Ohio
65%
Jared Polis Democrat Colorado
63%
Michelle Lujan Grisham Democrat New Mexico
61%
Kelly Armstrong Republican North Dakota
59%
Kim Reynolds Republican Iowa
55%
Tate Reaves Republican Mississippi
55%
Phil Murphy Democrat New Jersey
55%
Patrick Morrisey Republican West Virginia
55%
Ned Lamont Democrat Connecticut
53%
Laura Kelly Democrat Kansas
53%
Greg Gianforte Republican Montana
53%
Spencer Cox Republican Utah
53%
Bob Ferguson Democrat Washington
53%
Tony Evers Democrat Wisconsin
51%
Kevin Stitt Republican Oklahoma
49%
Janet Mills Democrat Maine
47%
Henry McMaster Republican South Carolina
47%
Phil Scott Republican Vermont
47%
Brad Little Republican Idaho
45%
Maura Healy Democrat Massachusetts
45%
Mike Dunleavy Republican Alaska
43%
Mike Braun Republican Indiana
43%
Joe Lombardo Republican Nevada
43%
Tin Kotek Democrat Oregon
43%
Josh Green Democrat Hawaii
41%
Jeff Landry Republican Louisiana
41%
Mike Kehoe Republican Missouri
41%
Bill Lee Republican Tennessee
41%
Matt Meyer Democrat Delaware
39%
Jim Pillen Republican Nebraska
39%
Mark Gordon Republican Wyoming
39%
Dan McKee Democrat Rhode Island
35%
No matching quizzes found
Score Distribution
Percent of People with Each Score
Percentile by Number Answered
Your Score History
You have not taken this quiz